Word Ladder: Newbie's Delight Quiz Stats

 Plays Quiz Updated May 5, 2012

Support Sporcle.
Go Orange.
Score 0/48 Timer 04:00
1 Play Today
Hint Word % Correct
❖ BARBIE OR KEN ❖❖ DOLL ❖
96.2%
Three make a yardFEET
94.7%
Computer brandDELL
94%
StumbledFELL
92.8%
Run away from dangerFLEE
90.2%
Unwoven craft fabricFELT
89.2%
Quick kissPECK
87.1%
HaltSTOP
84.7%
Get ready to travelPACK
84.1%
Lose color graduallyFADE
83.9%
School subjectMATH
83.7%
GratisFREE
82.8%
Guitar neck rungFRET
82.5%
Self-defense sprayMACE
82.5%
Hoofbeat sound after 'clip'CLOP
79.3%
Iron oxideRUST
79.1%
Quick glancePEEK
78.3%
Chimney ventFLUE
77.9%
HurryRUSH
77.6%
Carnal desireLUST
76.8%
❖ FEELING DOWN ❖❖ BLUE ❖
75.6%
Pig's vittlesSLOP
75.6%
Bloke, dude, or hombreMALE
74.9%
Search forSEEK
74.7%
Hint Word % Correct
❖ COUNTENANCE ❖❖ FACE ❖
74.2%
Talking movie pigBABE
71.1%
Gangster's galMOLL
70.7%
Embedded spyMOLE
70.5%
Truck makerMACK
70.1%
Hen hostelCOOP
70%
Wall or bread fungusMOLD
69%
❖ PHASE OR INCREMENT ❖❖ STEP ❖
68.4%
Enter slowly, like waterSEEP
66.8%
Speed Racer's ____ FiveMACH
66.5%
Hay or cotton cubeBALE
66.3%
UltimateLAST
62.8%
BrashBOLD
58.8%
Cut with a light beamLASE
57.4%
Load with cargoLADE
57.3%
Emotional stateMOOD
53.6%
Tree trunkBOLE
51.2%
Sphinx, luna, or gypsyMOTH
49.8%
❖ LAUGH-IN'S BUZZI ❖❖ RUTH ❖
49%
Novelist Philip ____ROTH
44.6%
❖ VICTUALS ❖❖ FOOD ❖
39.9%
Urbane, like MimbletonCOOL
27.1%
❖ COMMON BOND ❖❖ BABY ❖
23.3%
Another term for the aboveFOOL
22.4%

Today's Daily Dose

Missing Word
Inventors

Word Ladder
Feud Chain

Get the Picture
Domestic Movie Titles

From the Vault

Athletes of the 1950s and 60s

by El_Dandy

Sports 10m
You're gonna like this game. We guarantee it.
Remove Ads.
Support Sporcle.
Get the best of Sporcle when you Go Orange. This ad-free experience offers more features, more stats, and more fun while also helping to support Sporcle. Thank you for becoming a member.

Show Comments

Extras

Top Quizzes Today


Score Distribution

Your Account Isn't Verified!

In order to create a playlist on Sporcle, you need to verify the email address you used during registration. Go to your Sporcle Settings to finish the process.

Report this User

Report this user for behavior that violates our Community Guidelines.

Details: